श्रीमदेवी भगवत महापुराण / (Record no. 122027)

MARC details
000 -LEADER
fixed length control field 01007nam a22002657a 4500
005 - DATE AND TIME OF LATEST TRANSACTION
control field 20170124103223.0
010 ## - LIBRARY OF CONGRESS CONTROL NUMBER
LC control number A-403997
020 ## - INTERNATIONAL STANDARD BOOK NUMBER
Terms of availability 40.00
035 ## - SYSTEM CONTROL NUMBER
System control number A-403997
037 ## - SOURCE OF ACQUISITION
Source of stock number/acquisition Cen Lib/Ret
040 ## - CATALOGING SOURCE
Original cataloging agency DPL
Language of cataloging EN
082 ## - DEWEY DECIMAL CLASSIFICATION NUMBER
Classification number 230.1
Item number पुराण
100 ## - MAIN ENTRY--PERSONAL NAME
Personal name वेदव्यास
9 (RLIN) 134280
245 ## - TITLE STATEMENT
Title श्रीमदेवी भगवत महापुराण /
Statement of responsibility, etc महर्षि वेदव्यास
246 ## - VARYING FORM OF TITLE
Title proper/short title Srimadevi bhagwat mahapuran /
Remainder of title Maharshi Vedvyash
260 ## - PUBLICATION, DISTRIBUTION, ETC. (IMPRINT)
Place of publication, distribution, etc मथुरा
Name of publisher, distributor, etc काशी पुस्तकालय
Date of publication, distribution, etc 1988
270 ## - ADDRESS
Address काशी पुस्तकालय
City मथुरा
300 ## - PHYSICAL DESCRIPTION
Extent 264p.
Dimensions 24cm(Hb)
500 ## - GENERAL NOTE
General note Includes bibliographical references and index
650 ## - SUBJECT ADDED ENTRY--TOPICAL TERM
Topical term or geographic name as entry element Hinduism
9 (RLIN) 134281
650 ## - SUBJECT ADDED ENTRY--TOPICAL TERM
Topical term or geographic name as entry element Bhagwat Mahapuran
9 (RLIN) 134282
650 ## - SUBJECT ADDED ENTRY--TOPICAL TERM
Topical term or geographic name as entry element हिन्दू धर्म
9 (RLIN) 134283
650 ## - SUBJECT ADDED ENTRY--TOPICAL TERM
Topical term or geographic name as entry element भागवत महापुराण
9 (RLIN) 134284
942 ## - ADDED ENTRY ELEMENTS (KOHA)
Source of classification or shelving scheme Dewey Decimal Classification
Koha item type Hindi Books
Classification part 230.1
Call number suffix पुराण
Holdings
Withdrawn status Lost status Damaged status Not for loan Home library Current library Date acquired Source of acquisition Cost, normal purchase price Total Checkouts Full call number Barcode Date last seen Copy number Price effective from Koha item type
        Central Library Central Library 17/02/2016 Cen Lib/Ret 40.00   230.1 पुराण A-403997 17/02/2016 1 17/02/2016 Hindi Books

© Delhi Public Library
Hit Counter
free hit counter